[Event "Hunan Belt and Road Open 2019"]
[Site "Hunan"]
[Date "2019.08.02"]
[Round "5.1"]
[White "Cheparinov, Ivan"]
[Black "Yu, Yangyi"]
[Result "1/2-1/2"]
[WhiteElo "2666"]
[BlackElo "2736"]
[Annotator "TA"]
[PlyCount "93"]
[EventDate "2019.07.29"]
[EventType "swiss"]
[EventCountry "CHN"]
[SourceTitle "playchess.com"]
[Source "ChessBase"]
[SourceQuality "1"]

{[%evp 14,93,18,20,26,18,24,24,24,21,21,20,21,20,25,21,33,30,34,27,31,0,35,8,29,35,35,33,40,28,20,29,19,25,25,24,37,8,2,12,6,4,15,0,0,0,0,8,0,-25,-25,-25,-25,-25,-25,-30,-14,-25,-10,-22,-10,-22,-10,-12,-8,-12,-10,-12,-8,-17,-10,-10,-10,-10,-10,-10,-10,-86,-86,-87,-87,-87]} 1. d4 d5 2. Nf3 Nf6 3. c4 dxc4 4. e3 e6 5. Bxc4 c5 6. O-O a6 7. Nc3 b5 8. Be2 Nbd7 {D27: Queen's Gambit Accepted: Classical main line: 7 e4!? and 7 a4} 9. d5 exd5 10. Nxd5 Bb7 {White has an edge.} 11. Nxf6+ Qxf6 12. a4 b4 $1 13. e4 (13. Qc2 Be7 14. e4 Qe6 15. Re1 O-O 16. Bc4 {1-0 (46) So,W (2776)-Huschenbeth,N (2589) Douglas 2018}) 13... Be7 ({Wrong is} 13... Bxe4 $2 14. Re1 $18) 14. Re1 Ne5 $146 ({Predecessor:} 14... Rd8 15. Qb3 Ne5 16. Nxe5 Qxe5 {½-½ (39) Smalcl,F (2487)-Sesko,M (2174) ICCF email 2013}) 15. Nxe5 Qxe5 16. Bc4 O-O 17. Qc2 Rad8 18. f4 Qd4+ 19. Be3 Bxe4 ({Not} 19... Qxe4 $2 20. Qxe4 Bxe4 21. Bf2 $18) 20. Qe2 Bd3 $1 21. Bxd4 Bxe2 22. Rxe2 Rxd4 {[%mdl 64] [#] Double Attack} 23. Bxa6 Bf6 24. a5 Rfd8 25. Bb5 c4 26. a6 {g3 is the strong threat.} c3 27. bxc3 bxc3 28. a7 Rd1+ 29. Rxd1 Rxd1+ $11 {[%mdl 4096] Endgame KRB-KRB} 30. Kf2 {[%cal Re2e8]} Rd8 31. Re8+ Rxe8 32. Bxe8 {KB-KB} Bd4+ {[%mdl 64] [#] Double Attack} 33. Ke2 Bxa7 34. Kd3 Bd4 35. Ba4 Bf6 36. g4 g6 37. Bb3 Kf8 38. h3 Bg7 39. Ba2 Ke7 40. Bb3 h6 41. Ba2 g5 42. fxg5 hxg5 43. Bd5 Be5 44. Be4 Kd6 45. Bf5 (45. Kc4 $11) 45... Kc5 $17 46. Kc2 Kd4 47. Bc8 {Accuracy: White = 64%, Black = 65%.} 1/2-1/2

[Event "Hunan Belt and Road Open 2019"]
[Site "Hunan"]
[Date "2019.08.02"]
[Round "5.2"]
[White "Ganguly, Surya Shekhar"]
[Black "Wei, Yi"]
[Result "1-0"]
[WhiteElo "2638"]
[BlackElo "2737"]
[Annotator "TA"]
[PlyCount "31"]
[EventDate "2019.07.29"]
[EventType "swiss"]
[EventCountry "CHN"]
[SourceTitle "playchess.com"]
[Source "ChessBase"]
[SourceQuality "1"]

{[%evp 16,31,0,0,22,0,173,175,177,170,146,155,499,489,458,451,2583,2527]} 1. c4 Nf6 2. Nc3 c5 3. Nf3 Nc6 4. d4 cxd4 5. Nxd4 e6 6. g3 Qb6 7. Ndb5 Ne5 8. Bg2 a6 9. Qa4 {Threatens to win with Be3.} Bc5 {Strongly threatening ...Rb8. A33: Symmetrical English: 2 Nf3 Nf6 3 d4 cxd4 4 Nxd4 e6 5 Nc3 Nc6} (9... Rb8 10. Be3 Bc5 11. Bxc5 Qxc5 12. Qa3 b6 13. Nd6+ Ke7 14. Qxc5 bxc5 15. Nxc8+ Rhxc8 16. b3 d5 17. cxd5 {1-0 (47) Ivanchuk,V (2708)-Saric,I (2685) Mali Losinj 2018}) 10. Bf4 Bxf2+ $146 (10... Nfg4 $1 $11) ({Predecessor:} 10... Nfg4 11. O-O-O Rb8 12. Na3 f6 13. Nc2 Nxf2 14. b4 Nxd1 15. Rxd1 Be7 16. c5 Qc7 17. Nd4 {0-1 (26) Bang,A (2315)-Fedder,S (2390) Lyngby 1989}) 11. Kf1 $1 $18 Nfg4 {[#] White must now prevent ...Be3.White is clearly better.} 12. h3 $1 {[%cal Rh3g4]} g5 13. Bxg5 Bxg3 $2 {[#]} (13... Rg8 $16) 14. c5 $1 {[%cal Rc5b6][%mdl 64] Decoy. White is clearly winning.} Qxc5 {[%csl Gg3,Gg4][%cal Rc5f2]} ({Much weaker is} 14... axb5 15. Qxa8 (15. cxb6 bxa4 16. hxg4 Nxg4 $17) 15... Ne3+ 16. Bxe3) 15. Ne4 {[%mdl 64] Double Attack} Qg1+ (15... Ne3+ $142 16. Kg1 (16. Bxe3 Qxe3 17. Nxg3 O-O $16) 16... Nf3+ {[%mdl 64] Discovered Attack} 17. Bxf3 Qxb5 18. Qxb5 axb5) 16. Kxg1 1-0

[Event "Hunan Belt and Road Open 2019"]
[Site "Hunan"]
[Date "2019.08.02"]
[Round "5.3"]
[White "Wang, Hao"]
[Black "Nguyen, Ngoc Truong Son"]
[Result "1-0"]
[WhiteElo "2725"]
[BlackElo "2636"]
[Annotator "TA"]
[PlyCount "95"]
[EventDate "2019.07.29"]
[EventType "swiss"]
[EventCountry "CHN"]
[SourceTitle "playchess.com"]
[Source "ChessBase"]
[SourceQuality "1"]

{[%evp 9,95,20,31,21,41,12,31,30,31,28,20,14,24,20,34,23,30,26,20,27,27,27,59,56,73,83,85,83,108,84,82,88,96,87,113,118,133,116,155,144,131,136,154,152,169,169,191,182,178,172,172,172,172,172,172,172,206,206,229,214,236,211,253,253,249,249,241,226,231,222,217,214,423,408,425,425,485,481,473,470,664,656,660,659,1344,1321,1650,1501]} 1. e4 c5 2. Nf3 Nc6 3. Nc3 Nf6 4. Bb5 g6 5. h3 Nd4 6. e5 {B30: Sicilian: 2...Nc6 3 Bb5, lines without ...g6} Nh5 7. Bc4 Nf4 $146 ({Predecessor:} 7... d6 8. exd6 Qxd6 9. d3 Bg7 10. Ne4 Qc7 11. c3 Ne6 12. Be3 O-O 13. O-O {½-½ (22) Movsesian,S (2677)-Salgado Lopez,I (2627) Linares 2017}) 8. O-O {White is slightly better.} Bg7 9. d3 Nfe6 10. Re1 O-O 11. Nxd4 cxd4 12. Nd5 b6 13. Qf3 $36 {[%mdl 2048] White has good play.} Rb8 14. a4 Bb7 15. Qg3 Bxd5 16. Bxd5 Rc8 17. Bc4 a5 18. b3 Nc5 19. h4 d5 20. exd6 Qxd6 21. Bf4 Qd7 22. h5 {Strongly threatening hxg6.} e6 23. f3 Rfd8 24. hxg6 hxg6 25. Kf2 Qe7 26. Rh1 Nd7 27. Bd6 Qf6 28. Qh2 {[%csl Gh1][%cal Rh2h7]} Nf8 {[#]} 29. Rae1 $1 {Threatens to win with Be5.} Rxd6 30. Qxd6 Qd8 31. Qxd8 Rxd8 32. f4 Rc8 33. g4 Rc5 34. Kg3 Nd7 35. Rhf1 Nf6 36. f5 gxf5 37. gxf5 e5 38. Kf3 Kf8 39. Rg1 Ne8 40. Rg5 Nd6 $2 {[#]} (40... Nf6 41. Rg2 Bh6) 41. Reg1 $18 Bh6 42. Rg8+ {White is clearly winning.} Ke7 43. Rb8 Rc6 44. Rh1 Bf4 (44... Be3 $142 45. Rh7 Kf6) 45. Rh7 Kf6 46. Bd5 Rxc2 {Black hopes to continue with ...Rc3.} 47. Rxb6 Kg5 48. Rg7+ {Accuracy: White = 85%, Black = 49%.} 1-0

[Event "Hunan Belt and Road Open 2019"]
[Site "Hunan"]
[Date "2019.08.02"]
[Round "5.4"]
[White "Sethuraman, S.P."]
[Black "Amin, Bassem"]
[Result "0-1"]
[WhiteElo "2630"]
[BlackElo "2707"]
[Annotator "TA"]
[PlyCount "74"]
[EventDate "2019.07.29"]
[EventType "swiss"]
[EventCountry "CHN"]
[SourceTitle "playchess.com"]
[Source "ChessBase"]
[SourceQuality "1"]

{[%evp 11,74,15,20,20,19,25,27,12,25,25,25,25,25,25,23,11,27,12,27,0,0,0,0,0,0,0,0,0,0,0,0,-25,-29,-22,-18,-32,-21,-59,-58,-64,-61,-68,-61,-63,-64,-66,-66,-65,-64,-66,-64,-81,-81,-91,-77,-95,-91,-104,-60,-66,-79,-168,-177,-221,-210]} 1. e4 e5 2. Nf3 Nc6 3. Bc4 Bc5 4. d3 Nf6 5. c3 a6 6. O-O d6 7. a4 {C54: Giuoco Piano: 4 c3 Nf6, main lines with 5 d4 and 5 d3} Ba7 8. Re1 O-O 9. h3 {White has an edge.} h6 10. Nbd2 Be6 11. Bxe6 fxe6 12. b4 Nh5 13. Nf1 Qe8 {[#]} 14. Be3 $146 ({Predecessor:} 14. Ra2 Nf4 {½-½ (57) Tabatabaei,M (2587)-Wei,Y (2728) Makati 2018}) 14... Bxe3 15. Nxe3 Nf4 16. Kh2 Qf7 17. Ra2 b6 18. Rd2 Rad8 19. b5 axb5 20. axb5 Na5 21. d4 exd4 22. cxd4 Qh5 23. d5 e5 24. Ng1 Qxd1 25. Rexd1 Nb3 26. Rc2 Nc5 27. f3 Ra8 28. Ne2 Nxe2 29. Rxe2 Ra3 30. Rb1 Rfa8 31. Nd1 Kf7 32. Rc2 R8a4 33. Nf2 Ke7 34. Kg3 Rd4 35. Rbb2 Raa4 36. Kg4 (36. h4 $17 {was called for.}) 36... Rxd5 $1 $19 37. Kf5 Kf7 {Accuracy: White = 36%, Black = 84%.} ({Don't play} 37... Rdd4 38. Kg6 $17) 0-1

[Event "Hunan Belt and Road Open 2019"]
[Site "Hunan"]
[Date "2019.08.02"]
[Round "5.5"]
[White "Vallejo Pons, Francisco"]
[Black "Zhao, Jun"]
[Result "1/2-1/2"]
[WhiteElo "2687"]
[BlackElo "2636"]
[Annotator "TA"]
[PlyCount "41"]
[EventDate "2019.07.29"]
[EventType "swiss"]
[EventCountry "CHN"]
[SourceTitle "playchess.com"]
[Source "ChessBase"]
[SourceQuality "1"]

{[%evp 14,41,33,28,35,42,39,31,20,27,43,-16,-14,-22,-14,-19,-18,-19,0,0,0,0,0,0,0,0,0,0,0,-7]} 1. d4 d5 2. c4 c6 3. Nf3 Nf6 4. e3 g6 5. Nc3 Bg7 6. Be2 O-O 7. O-O b6 8. b4 Bb7 {D94: Grünfeld: 4 Nf3 Bg7 5 e3} 9. a4 {[%cal Ba2a4,Ba4a5,Ba5a6][%mdl 32]} Nbd7 10. a5 dxc4 $146 {White is slightly better.} ({Predecessor:} 10... a6 11. axb6 dxc4 12. Na4 Nxb6 13. Nc5 Bc8 14. Ne5 Nfd5 15. Qe1 Qd6 16. Bb2 {0-1 (74) Dziuba,M (2582)-Harikrishna,P (2704) Czechia 2013}) 11. a6 Bc8 12. b5 (12. Bxc4 $14 b5 13. Be2) 12... Nd5 $11 {The position is equal.} 13. Bd2 Nxc3 14. Bxc3 cxb5 {And now ...Nc5! would win.} 15. Qb1 {[#]} Nc5 $1 {[%mdl 512] ...Qe8 is the strong threat.} 16. Qxb5 (16. dxc5 Bxc3) 16... Ne4 17. Bb4 Nd6 18. Bxd6 $1 Qxd6 19. Bxc4 Bd7 20. Qd5 Qc6 21. Qxc6 1/2-1/2

[Event "Hunan Belt and Road Open 2019"]
[Site "Hunan"]
[Date "2019.08.02"]
[Round "5.6"]
[White "Zhou, Jianchao"]
[Black "Anton Guijarro, David"]
[Result "1/2-1/2"]
[WhiteElo "2608"]
[BlackElo "2678"]
[Annotator "TA"]
[PlyCount "34"]
[EventDate "2019.07.29"]
[EventType "swiss"]
[EventCountry "CHN"]
[SourceTitle "playchess.com"]
[Source "ChessBase"]
[SourceQuality "1"]

{[%evp 9,34,20,37,41,45,42,39,31,44,35,52,36,42,41,52,4,36,31,68,0,0,0,50,0,2,0,59]} 1. d4 Nf6 2. c4 e6 3. Nf3 d5 4. Nc3 dxc4 5. e4 b5 $146 (5... Bb4 6. Bg5 c5 7. Bxc4 cxd4 8. Nxd4 Bxc3+ 9. bxc3 Qa5 10. Bd2 O-O 11. Qe2 e5 12. Nb3 Qc7 13. O-O Bg4 14. f3 Rc8 15. Bd5 Nxd5 16. exd5 Bh5 17. c4 {1-0 (38) Carlsen,M (2845)-Aronian,L (2763) Karlsruhe/Baden Baden 2019}) 6. e5 {D24: Queen's Gambit Accepted: 3 Nf3 Nf6 4 Nc3} Nd5 7. Nxb5 Nb6 8. Be2 {White is slightly better.} Nc6 {[%cal Bb8c6,Bc6b4,Bb4d3][%mdl 32]} 9. O-O Be7 10. Be3 O-O 11. Nc3 Rb8 12. Rc1 Nb4 13. Nd2 Nd3 14. Rc2 ({White should play} 14. Rb1 $14) 14... Nb4 $11 15. Rc1 Nd3 16. Rc2 Nb4 17. Rc1 (17. Nxc4 $11 Nxc2 18. Qxc2) 17... Nd3 {Accuracy: White = 42%, Black = 71%.} 1/2-1/2

[Event "Hunan Belt and Road Open 2019"]
[Site "Hunan"]
[Date "2019.08.02"]
[Round "5.7"]
[White "Matlakov, Maxim"]
[Black "Deac, Bogdan-Daniel"]
[Result "1-0"]
[WhiteElo "2701"]
[BlackElo "2621"]
[Annotator "TA"]
[PlyCount "69"]
[EventDate "2019.07.29"]
[EventType "swiss"]
[EventCountry "CHN"]
[SourceTitle "playchess.com"]
[Source "ChessBase"]
[SourceQuality "1"]

{[%evp 17,69,0,0,0,0,0,0,0,17,3,23,0,0,9,25,19,21,21,25,30,22,23,32,25,20,12,58,52,71,78,83,86,95,72,77,63,87,83,78,84,119,111,187,190,323,288,288,302,287,287,289,282,539,525]} 1. e4 e5 2. Nf3 Nc6 3. Bc4 Bc5 4. c3 Nf6 5. d4 exd4 6. e5 d5 7. Bb5 Ne4 8. cxd4 Bb6 9. Nc3 O-O 10. Be3 {C54: Giuoco Piano: 4 c3 Nf6, main lines with 5 d4 and 5 d3} Bg4 11. h3 Bh5 12. Qc2 {The position is equal.} Bg6 {[#] Hoping for ...Nxc3.} 13. Qb3 Ne7 14. O-O c6 15. Bd3 Nf5 (15... Nxc3 {feels hotter.} 16. Qxc3 Be4 17. Nd2 Nf5 18. Rfe1 Nxe3 19. Bxe4 dxe4 20. fxe3 Qd5) 16. Rfe1 {[#]} Nxd4 $146 ({Predecessor:} 16... Ba5 17. Rad1 Bxc3 18. bxc3 {½-½ (54) Sevian,S (2642)-So,W (2762) Saint Louis 2019}) 17. Bxd4 (17. Nxd4 Nc5 $17) 17... Bxd4 18. Nxe4 (18. Nxd4 $2 Nc5 $19) 18... dxe4 19. Bxe4 Bxe4 20. Rxe4 Bb6 21. a4 Bc5 22. e6 {Strongly threatening Qc2.} (22. Qxb7 Qd5 $15) 22... fxe6 23. Qxb7 Qb6 24. Qxb6 axb6 25. Rc1 e5 26. Rcc4 ({Much worse is} 26. Nxe5 Bxf2+ 27. Kh2 Rae8 $15) (26. Rxe5 Rxa4 27. Re2 Raf4 $11) 26... Rf4 27. Rxf4 exf4 $16 {[%mdl 4096] Endgame KRB-KRN} 28. Kf1 h6 29. Ne5 f3 (29... g5 $16 {might work better.}) 30. gxf3 $18 (30. Nxf3 $6 Kf7 $16) 30... Rf8 (30... Rd8 {was necessary.} 31. b4 (31. Nxc6 Rd2 $16) 31... Bd6) 31. f4 Rd8 32. b4 ({Not} 32. Nxc6 Rd6 $16) 32... Bf8 33. Nxc6 ({Don't play} 33. Rxc6 $6 Bxb4 34. Rxb6 Bc3 $18) 33... Rd1+ 34. Kg2 Rd7 $2 {[#]} (34... Kf7 35. Ne5+ Ke6 36. Rc6+ Rd6) 35. a5 {Accuracy: White = 88%, Black = 46%.} 1-0

[Event "Hunan Belt and Road Open 2019"]
[Site "Hunan"]
[Date "2019.08.02"]
[Round "5.8"]
[White "Megaranto, Susanto"]
[Black "Naiditsch, Arkadij"]
[Result "1-0"]
[WhiteElo "2545"]
[BlackElo "2681"]
[Annotator "TA"]
[PlyCount "76"]
[EventDate "2019.07.29"]
[EventType "swiss"]
[EventCountry "CHN"]
[SourceTitle "playchess.com"]
[Source "ChessBase"]
[SourceQuality "1"]

{[%evp 9,76,5,14,12,19,14,14,0,3,0,8,-16,-2,-24,-15,-41,0,-8,-9,-27,-15,-25,143,140,162,149,175,183,174,187,212,36,25,0,326,319,320,325,427,302,298,281,286,252,387,412,386,310,348,286,289,274,281,283,284,282,286,292,293,293,353,356,349,343,1019,268,334,324,300]} 1. d4 Nf6 2. Nf3 g6 3. Nc3 d5 4. Bf4 c6 5. e3 Nbd7 (5... Bg7 6. h3 Bf5 7. g4 Be4 8. g5 Bxf3 9. Qxf3 Nh5 10. Bh2 Nd7 11. h4 e5 12. O-O-O O-O 13. Be2 f5 {0-1 (78) Vitiugov,N (2719)-Vishnu,P (2518) St Petersburg 2018}) 6. h3 {D00: 1 d4 d5: Unusual lines} Bg7 7. Be2 b5 8. Ne5 $146 {The position is equal.} ({Predecessor:} 8. a3 O-O 9. O-O h6 10. Re1 Ne4 11. Nxe4 dxe4 12. Nd2 f5 13. c4 a6 {1-0 (50) Vucenovic,D (2229)-Dyk,R (2068) Vienna 2015}) 8... Bb7 9. O-O O-O 10. Bf3 a5 11. a4 b4 12. Ne2 c5 13. c4 Ne4 14. cxd5 Bxd5 15. Qc2 Ndf6 $2 (15... Rc8 $11 16. Rac1 (16. Nxd7 b3 $11) 16... Ndf6) 16. dxc5 $16 b3 17. Qc1 Rc8 18. c6 Qb6 {[%cal Rd5c6]} 19. Nd4 Nc5 {[#]} 20. Bxd5 $2 (20. Rd1 $1 $18) 20... Nxd5 $14 21. Qc4 Bxe5 $4 {[%mdl 8192]} (21... Nxf4 $11 {and Black stays safe.} 22. exf4 Bxe5 23. fxe5 Ne6 24. Nxe6 (24. Nxb3 Rxc6 25. Qb5 Rb8 $11) 24... Rxc6 25. Qxc6 Qxc6 26. Nxf8 Kxf8) 22. Bxe5 $18 Nb4 23. Qb5 ({Weaker is} 23. Nxb3 Nbd3 $16) 23... Qa7 24. Rac1 Ncd3 25. Rc3 ({Less strong is} 25. Nxb3 Nxe5 26. Qxe5 Rxc6 $16) 25... Nxe5 26. Qxe5 Rfd8 (26... Qc7 {might work better.} 27. Qg5 Qd8) 27. c7 Rd7 28. Nb5 Qb6 29. Rxb3 Nd3 30. Rxd3 Rxd3 31. Qxe7 Qc6 32. Na7 Qxc7 33. Nxc8 Qxc8 {KQR-KQR} 34. b4 Qc3 35. bxa5 Qxa5 36. Rb1 {Strongly threatening Rb8+.} Kg7 $2 (36... Qd8 37. Qxd8+ Rxd8) 37. Qe4 $2 (37. Rb8 h5 38. Qf8+ Kf6 39. Re8) 37... Qc3 {[#]} 38. a5 $1 {Hoping for a6.} Rd6 {Accuracy: White = 38%, Black = 45%.} (38... Qxa5 39. Qxd3) 1-0

[Event "Hunan Belt and Road Open 2019"]
[Site "Hunan"]
[Date "2019.08.02"]
[Round "5.9"]
[White "Motylev, Alexander"]
[Black "Xu, Yinglun"]
[Result "1/2-1/2"]
[WhiteElo "2654"]
[BlackElo "2562"]
[Annotator "TA"]
[PlyCount "41"]
[EventDate "2019.07.29"]
[EventType "swiss"]
[EventCountry "CHN"]
[SourceTitle "playchess.com"]
[Source "ChessBase"]
[SourceQuality "1"]

{[%evp 12,41,36,33,34,25,32,32,43,37,101,101,95,58,110,56,61,33,0,-72,-71,-81,-72,-66,-25,-54,-56,-52,-54,-64,-74,-62]} 1. e4 c5 2. Nf3 d6 3. d4 cxd4 4. Nxd4 Nf6 5. Nc3 a6 6. g3 e6 7. Bg2 Be7 {B80: Sicilian Scheveningen: 6 g3 and 6 Be3, including English Attack} (7... Qc7 8. O-O Be7 9. Be3 O-O 10. h3 Nc6 11. Nxc6 bxc6 12. Na4 Rb8 13. c4 c5 14. b3 Bb7 15. Nc3 Bc6 16. Qd3 Ba8 17. Rad1 Nd7 18. f4 {1-0 (36) Matlakov,M (2700)-Artemiev,V (2709) St Petersburg 2018}) 8. Be3 Qc7 9. g4 Nfd7 $146 {White is slightly better.} ({Predecessor:} 9... Nc6 10. g5 Nd7 11. h4 b5 12. Nxc6 Qxc6 13. Qd4 Rg8 14. O-O-O Bb7 15. f4 Rc8 16. Kb1 Qc5 17. a3 Qxd4 18. Bxd4 Bd8 19. Bh3 Ke7 20. Rhe1 Ba5 21. b4 Bc7 {½-½ (21) Najdorf,M-Andersson,U Wijk aan Zee 1973}) 10. g5 b5 {[#]} (10... Nb6 $14) 11. Nf5 $1 $16 exf5 12. Nd5 Qd8 ({Better is} 12... Qa5+ $14 13. Bd2 Qd8) 13. Nxe7 (13. exf5 $16 Bxg5 14. Bxg5 Qxg5 {[%mdl 64] Double Attack} 15. Qe2+ Ne5 16. O-O) 13... Qxe7 $14 14. exf5 (14. Qd5 $5 {[%cal Rd5a8]} f4 15. Bd4 $14) 14... Ra7 $1 {And now ...Bb7 would win.} 15. O-O {[#]} (15. Qd4 $11 Rc7 16. Qxg7) 15... Rc7 $1 $17 16. Re1 {Ba7! is the strong threat.} O-O {[#]} 17. Bb6 $1 {[%mdl 512]} Qd8 (17... Qxe1+ $5 18. Qxe1 Nxb6 $15 {[%mdl 64] Discovered Attack}) (17... Nxb6 18. Rxe7) 18. Ba5 {Strongly threatening f6.} Nc6 19. Bxc7 Qxc7 20. Qd2 Nde5 21. Rad1 {Accuracy: White = 40%, Black = 58%.} 1/2-1/2

[Event "Hunan Belt and Road Open 2019"]
[Site "Hunan"]
[Date "2019.08.02"]
[Round "5.10"]
[White "Zeng, Chongsheng"]
[Black "Lupulescu, Constantin"]
[Result "1/2-1/2"]
[WhiteElo "2551"]
[BlackElo "2649"]
[Annotator "TA"]
[PlyCount "95"]
[EventDate "2019.07.29"]
[EventType "swiss"]
[EventCountry "CHN"]
[SourceTitle "playchess.com"]
[Source "ChessBase"]
[SourceQuality "1"]

{[%evp 18,95,21,14,20,18,23,0,0,0,42,30,43,27,42,47,27,0,5,0,45,29,31,48,28,33,52,-16,53,53,57,56,63,66,108,93,100,49,69,70,110,118,119,112,127,138,199,179,187,107,111,59,64,22,25,22,28,29,27,0,0,-150,-162,-148,-43,-56,-40,-52,0,0,0,0,0,0,0,0,0,0,0,0]} 1. e4 c5 2. Nf3 Nc6 3. d4 cxd4 4. Nxd4 Nf6 5. Nc3 d6 6. Bg5 e6 7. Qd2 a6 8. O-O-O Bd7 9. f3 Nxd4 10. Qxd4 h6 {B67: Sicilian: Richter-Rauzer: 7...a6 8 0-0-0 Bd7, lines without 9 f4 Be7} 11. Bh4 Be7 (11... Rc8 12. Kb1 Be7 13. g4 b5 14. Bg3 e5 15. Qe3 Qc7 16. Bd3 Be6 17. h4 Qa5 18. g5 {1-0 (60) Robson,R (2667)-Caruana,F (2828) chess.com INT 2019}) 12. f4 $146 ({Predecessor:} 12. Bxf6) 12... Bc6 13. f5 e5 (13... exf5 {is interesting.} 14. exf5 O-O 15. Be2 b5 16. Bf3 Rc8) 14. Qd3 Ng4 15. Bxe7 (15. Qf3 {feels hotter.} Bxh4 16. Qxg4 Qg5+ 17. Qxg5 hxg5 18. Rxd6 Bf2 19. f6) 15... Qxe7 16. Qf3 Nf6 17. Bc4 Rc8 18. Bd5 O-O 19. g4 Bxd5 20. Nxd5 Nxd5 21. Rxd5 Rc4 22. Rhd1 (22. Kb1 $14) 22... Rfc8 (22... Qg5+ $11 23. R1d2 Rfc8) 23. c3 $14 R8c6 24. Kb1 b5 25. a3 $1 Rb6 26. Qe3 Rcc6 27. Rf1 (27. Rg1 $16) 27... Qh4 28. f6 Qg5 29. Qg3 Qg6 30. Rf5 Rc4 {[#]} 31. Qf3 $1 a5 {[#]} (31... Rc5 $16 {is a better defense.}) 32. h4 $1 $18 gxf6 33. h5 (33. Ka2 $18) 33... Qg7 $16 34. Ka2 ({Much weaker is} 34. Rxf6 $6 Rxe4 35. g5 Qxg5 $11) ({White should try} 34. Kc2 $16) 34... Rc5 $1 $14 35. Rd3 (35. Rxf6 $5 {[%cal Rd5c5]} Rxd5 36. exd5 $14) 35... b4 36. cxb4 axb4 37. Rxf6 bxa3 38. Rxa3 {White wants to mate with Ra8+.} Rc8 {White must now prevent ...Qg5.} 39. Rb3 ({Better is} 39. Ra7 $11 Rcb8 40. Raxf7 Rxb2+ 41. Ka3 Qxf7 42. Rxf7) 39... Ra8+ $17 40. Ra3 Rxa3+ (40... Rab8 $17 41. b3 Qg5) 41. bxa3 {[%mdl 4096] Endgame KQR-KQR} Qg5 {( -> ...Qd2+)} 42. Qf2 Rb8 (42... Rb7 $15 43. Rf3 Qc1) 43. Rxf7 $11 {aiming for Rf6.The position is equal.} Qc1 {[%csl Gb8][%cal Rc1b1] [#]} 44. Rg7+ $1 {[%mdl 576] Decoy} Kxg7 {[%csl Gb8][%cal Rc1b1]} (44... Kh8 $5 45. Rh7+ $8 {[%mdl 64] Decoy} Kxh7 46. Qa7+ Kh8 47. Qxb8+ {[%mdl 64] Double Attack} Kg7 $11) 45. Qa7+ {[%mdl 64] Double Attack} Kf6 {[%csl Gb8][%cal Rc1b2]} 46. Qxb8 Qc2+ 47. Ka1 Qc1+ 48. Ka2 {Accuracy: White = 65%, Black = 54%.} 1/2-1/2

[Event "Hunan Belt and Road Open 2019"]
[Site "Hunan"]
[Date "2019.08.02"]
[Round "5.11"]
[White "Yu, Ruiyuan"]
[Black "Parligras, Mircea-Emilian"]
[Result "1/2-1/2"]
[WhiteElo "2464"]
[BlackElo "2638"]
[Annotator "TA"]
[PlyCount "46"]
[EventDate "2019.07.29"]
[EventType "swiss"]
[EventCountry "CHN"]
[SourceTitle "playchess.com"]
[Source "ChessBase"]
[SourceQuality "1"]

{[%evp 17,46,0,0,0,10,11,16,0,14,19,7,0,-7,-10,9,19,15,5,26,17,21,0,31,36,37,37,29,31,31,37,38]} 1. e4 e5 2. Nf3 Nc6 3. Bc4 Bc5 4. c3 Nf6 5. d4 exd4 6. e5 d5 7. Bb5 Ne4 8. cxd4 Bb6 9. Nc3 O-O 10. Be3 {C54: Giuoco Piano: 4 c3 Nf6, main lines with 5 d4 and 5 d3} Bg4 11. h3 Bh5 12. Qc2 {The position is equal.} Bg6 {[#] Strongly threatening ...Nxc3.} 13. Qb3 Ne7 14. O-O c6 {White must now prevent ...Nxc3.} 15. Bd3 Nd2 16. Nxd2 {[#] Hoping for Bxg6.} Bxd3 17. Rfe1 Bg6 {[#]} (17... Ng6 {seems wilder.} 18. Na4 Bf5 19. Re2 f6 20. f4 h5) 18. Na4 $146 Nf5 19. Nxb6 Qxb6 20. Qc3 f6 {Threatening ...fxe5.} 21. Nf3 Rae8 22. Bf4 fxe5 23. Bxe5 Qd8 {Accuracy: White = 82%, Black = 73%.} 1/2-1/2